Les pilotes de F1 vainqueur selon le GP #1 - Statistiques

Statistiques générales
  • Ce quiz a été pris 150 fois
  • Le résultat moyen est 12 sur 15
Statistiques - réponses
Hint Réponse % Correct
Monza 2023 Max Verstappen
100%
Bahreïn 2022 Charles Leclerc
99%
Belgique 2024 Lewis Hamilton
99%
Australie 2024 Carlos Sainz
93%
Hongrie 2021 Esteban Ocon
89%
Monza 2020 Pierre Gasly
89%
Singapour 2019 Sebastian Vettel
89%
Arabie Saoudite 2023 Sergio Pérez
87%
Brésil 2022 George Russell
82%
Monza 2021 Daniel Ricciardo
75%
Australie 2016 Nico Rosberg
68%
Autriche 2020 Valtteri Bottas
68%
Australie 2012 Jenson Button
53%
Austin 2018 Kimi Raikkonen
49%
Espagne 2012 Pastor Maldonado
37%
Aucun quiz correspondant
Distribution des résultats
% des personnes avec chaque résultat
Percentile par nombre de réponses
Votre historique - résultats
Vous n’avez pas pris ce quiz